[Event "GRE-ch U20"]
[Site "Peristeri"]
[Date "2010.01.04"]
[Round "2"]
[White "Ladas, Dimitrios"]
[Black "Panagiotakopoulos, Gerasimos"]
[Result "0-1"]
[WhiteElo "1609"]
[BlackElo "2163"]
[PlyCount "62"]
[EventDate "2010.01.03"]
[EventType "swiss"]
[EventRounds "9"]
[EventCountry "GRE"]
[SourceTitle "CBM 134 Extra"]
[Source "ChessBase"]
[SourceDate "2010.03.03"]
[SourceVersion "1"]
[SourceVersionDate "2010.03.03"]
[SourceQuality "1"]

1. d4 f5 2. Nf3 Nf6 3. Bf4 g6 4. e3 Bg7 5. h3 0-0 6. Be2 d6 7. 0-0 Qe8 8. a4 Nbd7 9. c3 e5 10. Bh2 e4 11. Nfd2 g5 12. c4 h5 13. Nc3 h4 14. b4 a6 15. c5 Qe7 16. cxd6 cxd6 17. Nc4 d5 18. Bd6 Qe6 19. Bxf8 Bxf8 20. Qb3 Kh8 21. Nd2 Bd6 22. Rfc1 f4 23. Bf1 b6 24. a5 b5 25. Nxb5 axb5 26. Bxb5 f3 27. Bf1 g4 28. b5 gxh3 29. gxh3 Bb7 30. a6 Rg8+ 31. Kh1 Qf5 0-1

[Event "GRE-ch U20"]
[Site "Peristeri"]
[Date "2010.01.04"]
[Round "3"]
[White "Panagiotakopoulos, Gerasimos"]
[Black "Tsiamis, Alexandros"]
[Result "1/2-1/2"]
[WhiteElo "2163"]
[BlackElo "1940"]
[PlyCount "79"]
[EventDate "2010.01.03"]
[EventType "swiss"]
[EventRounds "9"]
[EventCountry "GRE"]
[SourceTitle "CBM 134 Extra"]
[Source "ChessBase"]
[SourceDate "2010.03.03"]
[SourceVersion "1"]
[SourceVersionDate "2010.03.03"]
[SourceQuality "1"]

1. e4 d5 2. exd5 Nf6 3. d4 Nxd5 4. Nf3 g6 5. c4 Nb6 6. Nc3 Bg7 7. c5 Nd5 8. Bc4 e6 9. Bg5 f6 10. Bh4 0-0 11. 0-0 Nc6 12. Bg3 Nce7 13. Qb3 Re8 14. Rfe1 c6 15. Ne4 Nf5 16. Bd6 Bf8 17. Bxf8 Rxf8 18. g4 Ng7 19. Nd6 Ne8 20. Nxc8 Qxc8 21. g5 Nec7 22. gxf6 Rxf6 23. Ng5 b6 24. Qh3 Qd7 25. Bxd5 cxd5 26. c6 Qe7 27. Re3 Rf5 28. Nf3 Raf8 29. Qg3 Rf4 30. Rae1 R8f5 31. Qh3 Qf6 32. Kg2 g5 33. Qg3 h5 34. Kh1 h4 35. Nxh4 Rxh4 36. Qxc7 Rxf2 37. Qg3 Qf4 38. Qxf4 gxf4 39. c7 Rhxh2+ 40. Kg1 1/2-1/2

[Event "Attica Cup Final"]
[Site "Athens"]
[Date "2009.05.10"]
[Round "2.3"]
[White "Gavrilakis, Nikolaos"]
[Black "Panagiotakopoulos, Gerasimos"]
[Result "1-0"]
[WhiteElo "2407"]
[BlackElo "2164"]
[PlyCount "61"]
[EventDate "2009.05.09"]
[EventType "match"]
[EventRounds "2"]
[EventCountry "GRE"]
[SourceTitle "EXT 2011"]
[Source "ChessBase"]
[SourceDate "2010.11.26"]
[SourceVersion "1"]
[SourceVersionDate "2010.11.26"]
[SourceQuality "1"]

1. e4 c5 2. Nf3 d6 3. d4 cxd4 4. Nxd4 Nf6 5. f3 e5 6. Nb3 Be6 7. c4 a5 8. a4 Nxe4 9. fxe4 Qh4+ 10. Kd2 Qf4+ 11. Kd3 Bxc4+ 12. Kc3 Qxe4 13. Bxc4 d5 14. Bd3 Qxg2 15. N3d2 Nd7 16. Bb5 Qh3+ 17. Qf3 Qe6 18. Kc2 e4 19. Qb3 0-0-0 20. Bxd7+ Rxd7 21. Nc3 e3 22. Kb1 exd2 23. Bxd2 Bb4 24. Ka2 Kb8 25. Rad1 Rc8 26. Bf4+ Bd6 27. Bxd6+ Rxd6 28. Rhe1 Qf5 29. Re7 Rd7 30. Rxd5 Rxc3 31. Rxf5 1-0

[Event "GRE-ch U20"]
[Site "Greece"]
[Date "2009.01.06"]
[Round "7"]
[White "Skoulakis, Charalambos"]
[Black "Panagiotakopoulos, Gerasimos"]
[Result "1/2-1/2"]
[WhiteElo "2068"]
[BlackElo "2096"]
[PlyCount "164"]
[EventDate "2009.01.02"]
[EventType "swiss"]
[EventRounds "9"]
[EventCountry "GRE"]
[SourceTitle "EXT 2011"]
[Source "ChessBase"]
[SourceDate "2010.11.26"]
[SourceVersion "1"]
[SourceVersionDate "2010.11.26"]
[SourceQuality "1"]

1. e4 c5 2. Nf3 d6 3. d4 cxd4 4. Nxd4 Nf6 5. f3 e5 6. Bb5+ Nbd7 7. Nf5 d5 8. exd5 a6 9. Ba4 b5 10. Bb3 Nb6 11. Ne3 Bb7 12. Nc3 b4 13. Ne4 Nxe4 14. fxe4 Qh4+ 15. Ke2 Qxe4 16. Qd3 Qh4 17. c4 bxc3 18. bxc3 Bc5 19. a4 0-0 20. a5 Nd7 21. Ra4 Qh5+ 22. g4 Qh3 23. Rf1 Qxh2+ 24. Rf2 Qh4 25. Rg2 Qh1 26. Qd1 Qxd1+ 27. Kxd1 Rfd8 28. g5 Rac8 29. c4 Rb8 30. Bc2 Bc8 31. Rh2 Nf8 32. Ke2 Bd7 33. Ra2 Ng6 34. Bb2 f6 35. Bc3 Rdc8 36. Nf5 fxg5 37. d6 Re8 38. Ne7+ Nxe7 39. dxe7 g6 40. Be4 Rxe7 41. Rd2 Bg4+ 42. Kd3 Kg7 43. Kc2 Rc8 44. Rd5 Kf6 45. Rh1 Bd4 46. Rxd4 exd4 47. Bxd4+ Ke6 48. Kc3 Rb8 49. Bd5+ Kd6 50. Bf6 Re3+ 51. Kd4 Rbe8 52. c5+ Kd7 53. Rxh7+ Kc8 54. Bxg5 Rf3 55. Ra7 Ref8 56. Ra8+ Kc7 57. Ra7+ Kb8 58. Ra8+ Kc7 59. Rxa6 Rf1 60. Rc6+ Kd7 61. Rd6+ Kc7 62. Rc6+ Kd7 63. Rd6+ Kc7 64. a6 Rd1+ 65. Kc3 Bf3 66. Rc6+ Kb8 67. Rb6+ Ka7 68. Bc4 Bd5 69. Be2 Re1 70. Kd2 Ra1 71. Rxg6 Ra2+ 72. Kd3 Re8 73. Rg7+ Ka8 74. Bh5 Rh8 75. Bg6 Rxa6 76. Kd4 Bb7 77. Bd3 Ra4+ 78. Ke5 Rc8 79. Be7 Ra3 80. Bf5 Re8 81. Bg6 Re3+ 82. Kd6 Rc8 1/2-1/2

[Event "GRE-ch U20"]
[Site "Greece"]
[Date "2009.01.05"]
[Round "6"]
[White "Panagiotakopoulos, Gerasimos"]
[Black "Bizopoulos, Alexandros"]
[Result "1-0"]
[WhiteElo "2096"]
[BlackElo "2146"]
[PlyCount "71"]
[EventDate "2009.01.02"]
[EventType "swiss"]
[EventRounds "9"]
[EventCountry "GRE"]
[SourceTitle "EXT 2011"]
[Source "ChessBase"]
[SourceDate "2010.11.26"]
[SourceVersion "1"]
[SourceVersionDate "2010.11.26"]
[SourceQuality "1"]

1. e4 e5 2. Nf3 Nc6 3. Bc4 Nf6 4. d4 exd4 5. 0-0 Bc5 6. e5 d5 7. exf6 dxc4 8. fxg7 Rg8 9. Bg5 Qd5 10. Nc3 Qf5 11. Ne4 Rxg7 12. Nh4 Qxe4 13. Re1 Qxe1+ 14. Qxe1+ Be6 15. Bf6 Rg8 16. Qe4 Kd7 17. Qxh7 Ne7 18. Rd1 Rad8 19. Bxd4 Kc8 20. c3 Rg4 21. g3 Bxd4 22. Rxd4 Rgxd4 23. cxd4 Rxd4 24. Qc2 b5 25. Nf3 Bf5 26. Qe2 Re4 27. Qd2 Re6 28. Nd4 Rb6 29. Qg5 f6 30. Qg7 Kd8 31. Nxf5 Nxf5 32. Qg8+ Ke7 33. Qh7+ Ke6 34. Qxc7 Rd6 35. Qc8+ Ke5 36. Qe8+ 1-0

[Event "GRE-ch U20"]
[Site "Greece"]
[Date "2009.01.04"]
[Round "4"]
[White "Panagiotakopoulos, Gerasimos"]
[Black "Pavlidis, Anastasios"]
[Result "1-0"]
[WhiteElo "2096"]
[BlackElo "2371"]
[PlyCount "101"]
[EventDate "2009.01.02"]
[EventType "swiss"]
[EventRounds "9"]
[EventCountry "GRE"]
[SourceTitle "EXT 2011"]
[Source "ChessBase"]
[SourceDate "2010.11.26"]
[SourceVersion "1"]
[SourceVersionDate "2010.11.26"]
[SourceQuality "1"]

1. e4 c5 2. Nf3 e6 3. b3 d5 4. exd5 exd5 5. Bb5+ Bd7 6. Bxd7+ Nxd7 7. 0-0 Be7 8. Re1 Ngf6 9. Qe2 Rc8 10. Ba3 Kf8 11. Nc3 Bd6 12. d4 g6 13. Ne5 Bb8 14. Qf3 Kg7 15. Nxd5 Nxe5 16. dxe5 Nxd5 17. Rad1 Qa5 18. b4 Qa6 19. Rxd5 Rhe8 20. bxc5 Kg8 21. Rd7 Qe6 22. Rxb7 f6 23. Qe3 Bxe5 24. Rxa7 Qc6 25. Qb3+ Qe6 26. Qb7 Rc7 27. Qxc7 Bxc7 28. Rxe6 Rxe6 29. Bb4 Be5 30. Kf1 h5 31. h4 g5 32. g3 gxh4 33. gxh4 f5 34. a4 f4 35. Kg2 Bf6 36. Kf3 Bxh4 37. Bc3 Be7 38. Bd4 Kf7 39. Kxf4 h4 40. Kf3 h3 41. Kg3 Re4 42. Be3 Rg4+ 43. Kxh3 Rg8 44. Rb7 Ke6 45. Rb4 Bf6 46. Rg4 Rh8+ 47. Kg2 Rc8 48. Kf3 Be7 49. Ke2 Kd5 50. Kd3 Rd8 51. Rd4+ 1-0

[Event "GRE-ch U20"]
[Site "Greece"]
[Date "2009.01.03"]
[Round "2"]
[White "Panagiotakopoulos, Gerasimos"]
[Black "Xylogiannopoulos, Antonios"]
[Result "1-0"]
[WhiteElo "2096"]
[BlackElo "1964"]
[PlyCount "119"]
[EventDate "2009.01.02"]
[EventType "swiss"]
[EventRounds "9"]
[EventCountry "GRE"]
[SourceTitle "EXT 2011"]
[Source "ChessBase"]
[SourceDate "2010.11.26"]
[SourceVersion "1"]
[SourceVersionDate "2010.11.26"]
[SourceQuality "1"]

1. e4 c5 2. Nf3 d6 3. d4 cxd4 4. Qxd4 Nc6 5. Bb5 Bd7 6. Bxc6 Bxc6 7. Nc3 Nf6 8. Bg5 e6 9. 0-0-0 Be7 10. Rhe1 0-0 11. Kb1 h6 12. Bh4 Re8 13. Qd2 Rc8 14. Qe2 Qa5 15. Nd4 a6 16. Qd2 Qc7 17. Bg3 b5 18. f3 Qb7 19. Nce2 Nd7 20. h4 Nb6 21. Bf2 Nc4 22. Qc1 b4 23. g4 d5 24. Nxc6 Qxc6 25. exd5 exd5 26. Nd4 Qc7 27. Rg1 Bc5 28. g5 h5 29. g6 f6 30. Rde1 Ne5 31. Qd1 Qb6 32. Rg2 f5 33. Reg1 Qc7 34. Nxf5 Qd7 35. Nd4 Rf8 36. Rg5 Bxd4 37. Bxd4 Nxf3 38. Rxh5 Rf5 39. Rh7 Nxg1 40. Rxg7+ Qxg7 41. Bxg7 Kxg7 42. Qxg1 Rcf8 43. Qd4+ Kxg6 44. b3 R8f6 45. Qg4+ Kh6 46. Qxb4 Kh5 47. Qd4 Rf8 48. Kb2 R8f6 49. a4 Rf8 50. b4 R8f6 51. b5 axb5 52. axb5 Rf4 53. Qxd5+ R6f5 54. Qb3 Rf3 55. c3 Rf1 56. b6 R5f2+ 57. Ka3 Ra1+ 58. Kb4 Rf4+ 59. c4 Rff1 60. Qd3 1-0

[Event "GRE-ch U12"]
[Site "Greece"]
[Date "2002.04.27"]
[Round "1.4"]
[White "Batzilis, Nikolaos"]
[Black "Panagiotakopoulos, Gerasimos"]
[Result "1-0"]
[WhiteElo "1315"]
[BlackElo "1660"]
[PlyCount "124"]
[EventDate "2002.04.29"]
[EventType "swiss"]
[EventRounds "5"]
[EventCountry "GRE"]
[SourceTitle "EXT 2004"]
[Source "ChessBase"]
[SourceDate "2003.11.25"]
[SourceVersion "1"]
[SourceVersionDate "2003.11.25"]
[SourceQuality "1"]

1. d4 f5 2. c4 g6 3. Nc3 Nf6 4. Bg5 Bg7 5. e3 d6 6. Bf4 0-0 7. Nf3 Qe8 8. Qb3 Kh8 9. Qa3 Bd7 10. c5 Bc6 11. Be2 Ne4 12. cxd6 exd6 13. 0-0 a6 14. Rfd1 Qf7 15. Rac1 b5 16. h3 Bb7 17. Nxe4 fxe4 18. Nd2 Bxd4 19. Nxe4 Bg7 20. Ng5 Qe7 21. Rd2 c5 22. Bf3 Bxf3 23. Nxf3 b4 24. Qb3 Be5 25. Bxe5+ dxe5 26. Qd5 Ra7 27. Qxe5+ Qxe5 28. Nxe5 Rc7 29. Rd5 Kg7 30. Rdxc5 Re7 31. Rc7 Rxc7 32. Rxc7+ Kh6 33. Nd3 a5 34. Kf1 Rd8 35. Ke2 Na6 36. Rc6 Nb8 37. Rb6 Kg5 38. Rb5+ Kh6 39. Rxa5 Nc6 40. Rc5 Rd6 41. Rb5 Ne7 42. Rxb4 Rc6 43. Kd2 Nd5 44. Rb5 Nc7 45. Rc5 Rxc5 46. Nxc5 Kg5 47. Kd3 Kf5 48. Kd4 Nb5+ 49. Kc4 Nd6+ 50. Kd5 Nb5 51. a4 Nc7+ 52. Kc4 Ke5 53. a5 h5 54. a6 g5 55. a7 g4 56. h4 Kd6 57. Ne4+ Ke5 58. Ng3 Na8 59. Kc5 Nc7 60. Kc6 Na8 61. Kb7 Kd6 62. Kxa8 Kc7 1-0